[Event "Mitropa Cup (Women)"]
[Site "Mali Losinj"]
[Date "2023.04.16"]
[Round "6.4"]
[White "Stoeri, Laura"]
[Black "Monpeurt, Cyrielle"]
[Result "1-0"]
[WhiteElo "2075"]
[BlackElo "2130"]
[PlyCount "83"]
[EventDate "2023.04.11"]
[EventType "team-tourn"]
[EventRounds "9"]
[EventCountry "CRO"]
[SourceTitle "CBM 213 Extra"]
[Source "ChessBase"]
[SourceDate "2023.05.31"]
[SourceVersion "1"]
[SourceVersionDate "2023.05.31"]
[SourceQuality "1"]
[WhiteTeam "Switzerland (W)"]
[BlackTeam "France (W)"]
[WhiteTeamCountry "SUI"]
[BlackTeamCountry "FRA"]

1. e4 e5 2. Nf3 Nc6 3. Bb5 a6 4. Ba4 Nf6 5. 0-0 Be7 6. Re1 b5 7. Bb3 0-0 8. a4 b4 9. a5 d6 10. d3 Be6 11. Bxe6 fxe6 12. Nbd2 d5 13. c3 Bc5 14. h3 Nh5 15. Nb3 Ba7 16. Be3 Qf6 17. Bxa7 Rxa7 18. Nc5 Rf7 19. Qa4 Qg6 20. Qxc6 Rxf3 21. Qxe6+ Qxe6 22. Nxe6 Rxd3 23. exd5 Rxd5 24. c4 Rd2 25. Rxe5 Nf6 26. b3 c6 27. Nc5 Kf7 28. Rae1 Ra2 29. Nd3 Rb7 30. g4 h6 31. Kg2 Ra3 32. R1e2 Rb8 33. Re7+ Kf8 34. R2e5 Rxb3 35. Nc5 Rb2 36. Nxa6 Rd8 37. Rb7 Rdd2 38. Rf5 Rdc2 39. Nc5 Re2 40. a6 Re8 41. Nd7+ Kg8 42. Rxf6 1-0

[Event "Olympiad Women-44"]
[Site "Chennai"]
[Date "2022.07.30"]
[Round "2.3"]
[White "Stoeri, Laura"]
[Black "Suleiman Azumi, Ayisha"]
[Result "1-0"]
[WhiteElo "2084"]
[BlackElo "1833"]
[PlyCount "71"]
[EventDate "2022.07.29"]
[EventType "team-swiss"]
[EventRounds "11"]
[EventCountry "IND"]
[SourceTitle "CBM 210"]
[Source "ChessBase"]
[SourceDate "2022.10.31"]
[SourceVersion "1"]
[SourceVersionDate "2022.10.31"]
[SourceQuality "1"]
[WhiteTeam "Switzerland (W)"]
[BlackTeam "Nigeria (W)"]
[WhiteTeamCountry "SUI"]
[BlackTeamCountry "NGR"]

1. e4 c5 2. Nf3 d6 3. d4 cxd4 4. Nxd4 Nf6 5. Nc3 a6 6. Be2 e5 7. Nb3 b5 8. Be3 Bb7 9. Nd5 Nxd5 10. exd5 Nd7 11. 0-0 Be7 12. Qd2 Nf6 13. c4 bxc4 14. Bxc4 0-0 15. Na5 Qd7 16. h3 Ne4 17. Qb4 Rfb8 18. Qa3 Rc8 19. Rfd1 Nf6 20. Rac1 h6 21. Qb3 Rcb8 22. Qc2 Rc8 23. Nc6 Bf8 24. Bb3 Kh8 25. Ba4 g6 26. Qb3 Bxc6 27. Bxc6 Qd8 28. Bb6 Rab8 29. Bxd8 Rxb3 30. Bxf6+ Kh7 31. axb3 g5 32. Bd7 Rb8 33. Bf5+ Kg8 34. Rc8 Rb7 35. Rdc1 Rxb3 36. Rxf8+ 1-0

[Event "Verbandsliga Suedbaden 2122"]
[Site "Baden"]
[Date "2022.04.24"]
[Round "9.5"]
[White "Frommherz, Stefan Martin"]
[Black "Stoeri, Laura"]
[Result "0-1"]
[WhiteElo "1748"]
[BlackElo "2125"]
[PlyCount "134"]
[EventDate "2021.10.10"]
[EventType "team-tourn"]
[EventRounds "9"]
[EventCountry "GER"]
[SourceTitle "EXT 2023"]
[Source "ChessBase"]
[SourceDate "2022.10.05"]
[SourceVersion "1"]
[SourceVersionDate "2022.10.05"]
[SourceQuality "1"]
[WhiteTeam "Konstanz"]
[BlackTeam "Dreilaendereck"]
[WhiteTeamCountry "GER"]
[BlackTeamCountry "GER"]

1. Nf3 Nf6 2. d3 d5 3. g3 g6 4. Bg2 Bg7 5. 0-0 c6 6. Nbd2 Bg4 7. h3 Bd7 8. e4 Qc8 9. Kh2 h5 10. Qe2 Na6 11. Nb3 Nc7 12. Nc5 Ne6 13. Nxd7 Qxd7 14. c3 Qc7 15. Ng5 Nxg5 16. Bxg5 dxe4 17. dxe4 h4 18. Bf4 Qc8 19. g4 Qe6 20. Rfe1 Nd7 21. Qe3 Be5 22. Rad1 g5 23. Bxe5 Qxe5+ 24. Kg1 Rh6 25. Qd4 Rd6 26. Qe3 Nc5 27. Rxd6 exd6 28. Rd1 Ne6 29. Bf1 Ke7 30. Bc4 Nf4 31. Bf1 Ne6 32. Bc4 Nc5 33. Qf3 Rf8 34. Re1 d5 35. Qf5 f6 36. Qxe5+ fxe5 37. exd5 Kd6 38. dxc6 bxc6 39. Rd1+ Ke7 40. b4 Ne4 41. Re1 Rf4 42. Bf1 Kd6 43. Rd1+ Ke7 44. Re1 Ke6 45. Bc4+ Kf6 46. Rd1 Ke7 47. Re1 Kd6 48. Rd1+ Kc7 49. Be6 Nxc3 50. Rd7+ Kb6 51. Rg7 Rxb4 52. Rxg5 Ne2+ 53. Kf1 Nf4 54. Bb3 Nxh3 55. Rxe5 Rxg4 56. Be6 Rg1+ 57. Ke2 Nf4+ 58. Kf3 h3 59. Kxf4 h2 60. Rh5 h1Q 61. Rxh1 Rxh1 62. Kg5 Rg1+ 63. Kf5 Kc5 64. f4 Kd4 65. Kf6 c5 66. Ke7 Rf1 67. f5 Ke5 0-1

[Event "EU-chT (Women) 23rd"]
[Site "Terme Catez"]
[Date "2021.11.13"]
[Round "2.11"]
[White "Stoeri, Laura"]
[Black "Janzelj, Lara"]
[Result "0-1"]
[WhiteElo "2130"]
[BlackElo "2150"]
[PlyCount "90"]
[EventDate "2021.11.12"]
[EventType "team-swiss"]
[EventRounds "9"]
[EventCountry "SLO"]
[SourceTitle "CBM 205"]
[Source "ChessBase"]
[SourceDate "2021.12.31"]
[SourceVersion "1"]
[SourceVersionDate "2021.12.31"]
[SourceQuality "1"]
[WhiteTeam "Switzerland (W)"]
[BlackTeam "Slovenia (W)"]
[WhiteTeamCountry "SUI"]
[BlackTeamCountry "SLO"]

1. e4 e5 2. Nf3 Nc6 3. Bb5 a6 4. Ba4 Nf6 5. 0-0 b5 6. Bb3 Be7 7. d3 d6 8. a4 Rb8 9. h3 0-0 10. axb5 axb5 11. c3 d5 12. Nbd2 Re8 13. Re1 Bf8 14. Nf1 h6 15. Bd2 Be6 16. Ra6 Qd7 17. Ng3 Bd6 18. Nh4 Ne7 19. Qe2 Red8 20. Bc1 c5 21. Bc2 d4 22. Qf3 Nh7 23. Nh5 Ng6 24. Nf5 Bf8 25. g4 Qb7 26. Ra1 Ra8 27. Rxa8 Rxa8 28. Kh2 dxc3 29. bxc3 Ra1 30. Rg1 b4 31. cxb4 cxb4 32. Be3 Rxg1 33. Kxg1 b3 34. Bb1 Ng5 35. Qg3 Qa6 36. Kh2 Qa1 37. Bxg5 Qxb1 38. Bxh6 gxh6 39. g5 Qd1 40. Nf6+ Kh8 41. Ng4 b2 42. Nxe5 b1Q 43. Nxg6+ fxg6 44. Qe5+ Kh7 45. Qc7+ Kg8 0-1

[Event "EU-chT (Women) 23rd"]
[Site "Terme Catez"]
[Date "2021.11.12"]
[Round "1.7"]
[White "Schneider, Jana"]
[Black "Stoeri, Laura"]
[Result "1-0"]
[WhiteElo "2269"]
[BlackElo "2130"]
[PlyCount "77"]
[EventDate "2021.11.12"]
[EventType "team-swiss"]
[EventRounds "9"]
[EventCountry "SLO"]
[SourceTitle "CBM 205"]
[Source "ChessBase"]
[SourceDate "2021.12.31"]
[SourceVersion "1"]
[SourceVersionDate "2021.12.31"]
[SourceQuality "1"]
[WhiteTeam "Germany (W)"]
[BlackTeam "Switzerland (W)"]
[WhiteTeamCountry "GER"]
[BlackTeamCountry "SUI"]

1. e4 e5 2. Nf3 Nc6 3. Bb5 a6 4. Ba4 Nf6 5. 0-0 Be7 6. Re1 b5 7. Bb3 d6 8. c3 0-0 9. h3 Na5 10. Bc2 c5 11. d4 cxd4 12. cxd4 Nc6 13. Nc3 Bb7 14. d5 Nb8 15. Be3 Nbd7 16. Qd2 Rc8 17. Rec1 Re8 18. Qe1 Qc7 19. Bb1 Qa5 20. a3 Qd8 21. Nd2 Nb6 22. Bd3 Nfd7 23. b4 f5 24. f3 Bh4 25. Qe2 Nf6 26. a4 f4 27. Bf2 Bxf2+ 28. Qxf2 bxa4 29. Qf1 Nh5 30. Qd1 Qd7 31. b5 Rxc3 32. Rxc3 axb5 33. Qb1 Ba6 34. Qb4 Na8 35. Kh2 Rd8 36. Rac1 Qa7 37. Qa5 Rb8 38. Rc6 Rb6 39. Rc8+ 1-0

[Event "SUI-ch (Women)"]
[Site "Flims"]
[Date "2021.07.13"]
[Round "6"]
[White "Stoeri, Laura"]
[Black "Pellicoro, Nathalie"]
[Result "1-0"]
[WhiteElo "2126"]
[BlackElo "1911"]
[PlyCount "87"]
[EventDate "2021.07.08"]
[EventType "tourn"]
[EventRounds "9"]
[EventCountry "SUI"]
[SourceTitle "EXT 2022"]
[Source "ChessBase"]
[SourceDate "2021.10.06"]
[SourceVersion "1"]
[SourceVersionDate "2021.10.06"]
[SourceQuality "1"]

1. e4 e6 2. d4 d5 3. Nd2 Nf6 4. e5 Nfd7 5. Bd3 c5 6. c3 Nc6 7. Ne2 cxd4 8. cxd4 f6 9. exf6 Nxf6 10. 0-0 Bd6 11. Nf3 0-0 12. Bg5 Qc7 13. Rc1 Bd7 14. Bh4 Nh5 15. Bg3 Nxg3 16. hxg3 Rae8 17. Qc2 g6 18. a3 Re7 19. b4 a6 20. Qb3 Qb8 21. Bb1 Ref7 22. Rc3 b5 23. Re3 a5 24. bxa5 Nxa5 25. Qa2 Nc4 26. Rb3 Qa7 27. Nc1 Rxf3 28. gxf3 Qxd4 29. Kg2 Qa7 30. Bd3 Nxa3 31. Rh1 b4 32. Qd2 Ba4 33. Rb2 Qg7 34. Rxb4 Bc6 35. Rbh4 Qf6 36. Be2 Rf7 37. Nb3 e5 38. Qc3 Bb7 39. Na5 d4 40. Qb3 Ba8 41. Rxh7 Kf8 42. Rh8+ Ke7 43. Rxa8 e4 44. Qb7+ 1-0

[Event "FISU World University"]
[Site "Tornelo INT"]
[Date "2020.10.28"]
[Round "7.29"]
[White "Stoeri, Laura"]
[Black "Vega Llanos, Francisco Javier"]
[Result "1-0"]
[WhiteElo "2126"]
[BlackElo "1587"]
[PlyCount "145"]
[EventDate "2020.10.26"]
[EventType "team-swiss (rapid)"]
[EventRounds "9"]
[EventCountry "NET"]
[SourceTitle "CBM 199 Extra"]
[Source "ChessBase"]
[SourceDate "2021.01.31"]
[SourceVersion "1"]
[SourceVersionDate "2021.01.31"]
[SourceQuality "1"]
[WhiteTeam "Switzerland"]
[BlackTeam "Chile V"]
[WhiteTeamCountry "SUI"]
[BlackTeamCountry "CHI"]

1. e4 e5 2. Nf3 Nc6 3. Bb5 Nf6 4. d3 d6 5. c3 Be7 6. 0-0 0-0 7. Nbd2 Bd7 8. Re1 h6 9. Nf1 a6 10. Ba4 b5 11. Bc2 Re8 12. Ng3 Bf8 13. h3 Ne7 14. Nh2 Ng6 15. Qf3 c5 16. Be3 a5 17. a4 b4 18. Bb3 Rb8 19. Bc4 Be6 20. Bxe6 Rxe6 21. Nf5 d5 22. h4 bxc3 23. bxc3 d4 24. Bd2 Ne7 25. Nf1 Nxf5 26. exf5 Reb6 27. Rxe5 dxc3 28. Bxc3 Rb3 29. Bd2 Rxd3 30. Qe2 Rb2 31. Rd1 Ra2 32. Re3 Rxe3 33. Bxe3 Rxe2 34. Rxd8 Ne4 35. f3 Nf6 36. Bxc5 Re8 37. Rxe8 Nxe8 38. Bxf8 Kxf8 39. Kf2 h5 40. Ne3 Nd6 41. Ke2 Nb7 42. Nc4 Nc5 43. Nb2 Ke7 44. Ke3 Kf6 45. g4 hxg4 46. fxg4 g6 47. fxg6 fxg6 48. Kd4 Ne6+ 49. Kd5 Nf4+ 50. Ke4 Ng2 51. h5 gxh5 52. gxh5 Ne1 53. Nc4 Nc2 54. Nxa5 Nb4 55. Nc4 Kg5 56. Kd4 Kxh5 57. Kc5 Na6+ 58. Kb5 Nc7+ 59. Kc6 Ne6 60. a5 Nd4+ 61. Kd5 Nb5 62. Kc5 Nc7 63. Kc6 Na6 64. Kb6 Nb4 65. Ne5 Kg5 66. Nc6 Nd5+ 67. Kb7 Nc3 68. a6 Nb5 69. Nd4 Nd6+ 70. Kc7 Ne8+ 71. Kd8 Nd6 72. a7 Nb7+ 73. Kc7 1-0

[Event "BCF-chTb 1819 (4NCL)"]
[Site "Daventry"]
[Date "2018.11.11"]
[Round "2.8"]
[White "Woodhouse, Stephen V"]
[Black "Stoeri, Laura"]
[Result "1/2-1/2"]
[WhiteElo "1863"]
[BlackElo "2113"]
[PlyCount "62"]
[EventDate "2018.11.10"]
[EventType "team-tourn"]
[EventRounds "11"]
[EventCountry "ENG"]
[SourceTitle "CBM 187 Extra"]
[Source "ChessBase"]
[SourceDate "2018.11.04"]
[SourceVersion "1"]
[SourceVersionDate "2018.11.04"]
[SourceQuality "1"]
[WhiteTeam "Wood Green Monarchs"]
[BlackTeam "Cheddleton"]
[WhiteTeamCountry "ENG"]
[BlackTeamCountry "ENG"]

1. e4 e5 2. Nf3 Nc6 3. d4 exd4 4. Nxd4 Nf6 5. Nc3 Bb4 6. Nxc6 bxc6 7. Bd3 d5 8. exd5 cxd5 9. 0-0 0-0 10. Bg5 c6 11. Qf3 Be7 12. Rae1 Re8 13. h3 Be6 14. Ne2 c5 15. Bf5 Ne4 16. Bc1 Bd6 17. Bxe6 fxe6 18. Nc3 Nxc3 19. Qxc3 Qh4 20. b3 Re7 21. Qe3 Rf8 22. Qg5 Qd4 23. Qg4 Bf4 24. Be3 Bxe3 25. Rxe3 Rf4 26. Qe2 Qf6 27. Re1 Kf7 28. Qh5+ Kg8 29. Qe2 Kf7 30. Qh5+ Kf8 31. Qe2 Kf7 1/2-1/2

[Event "Olympiad Women-43"]
[Site "Batumi"]
[Date "2018.10.04"]
[Round "10.4"]
[White "Jonovska, Katerina"]
[Black "Stoeri, Laura"]
[Result "1/2-1/2"]
[WhiteElo "1966"]
[BlackElo "2118"]
[PlyCount "110"]
[EventDate "2018.09.24"]
[EventType "team-swiss"]
[EventRounds "11"]
[EventCountry "GEO"]
[SourceTitle "EXT 2020"]
[Source "ChessBase"]
[SourceDate "2019.10.17"]
[SourceVersion "1"]
[SourceVersionDate "2019.10.17"]
[SourceQuality "1"]
[WhiteTeam "Macedonia (W)"]
[BlackTeam "Switzerland (W)"]
[WhiteTeamCountry "MKD"]
[BlackTeamCountry "SUI"]

1. e4 e5 2. Nf3 Nc6 3. Bb5 a6 4. Ba4 Nf6 5. d3 d6 6. c3 g6 7. Nbd2 Bg7 8. Nf1 0-0 9. Bg5 h6 10. Bxf6 Qxf6 11. Ne3 Be6 12. Bb3 Nd8 13. 0-0 h5 14. d4 exd4 15. cxd4 c5 16. e5 dxe5 17. dxe5 Qe7 18. Nd5 Bxd5 19. Qxd5 Ne6 20. Rad1 Rae8 21. Qd7 Nd4 22. Qxe7 Nxf3+ 23. gxf3 Rxe7 24. Rfe1 Rxe5 25. Rxe5 Bxe5 26. Rd7 b5 27. Rd5 Bd4 28. Rd6 Kg7 29. Rxa6 Re8 30. Bd5 Rd8 31. Bc6 b4 32. b3 Kh6 33. Bb5 Kg5 34. Kg2 f6 35. a3 bxa3 36. Rxa3 Bc3 37. Ra2 Rd1 38. Re2 Be5 39. Rc2 Bd6 40. Bc4 Rd4 41. h3 Kf4 42. Re2 Be5 43. Bf7 Kg5 44. Ra2 Rd7 45. Be6 Re7 46. Bc4 Bd4 47. Re2 Ra7 48. Rc2 Kh6 49. Re2 Kg5 50. Rc2 Ra1 51. Re2 Rc1 52. Bd5 Rc3 53. Bc4 Rc1 54. Bd5 Rd1 55. Bc4 Rc1 1/2-1/2

[Event "World University-ch (Women)"]
[Site "Aracaju"]
[Date "2018.09.17"]
[Round "7"]
[White "Dull, Amanda Paul"]
[Black "Stoeri, Laura"]
[Result "0-1"]
[WhiteElo "1834"]
[BlackElo "2118"]
[PlyCount "84"]
[EventDate "2018.09.13"]
[EventType "swiss"]
[EventRounds "9"]
[EventCountry "BRA"]
[SourceTitle "CBM 186 Extra"]
[Source "ChessBase"]
[SourceDate "2018.08.24"]
[SourceVersion "1"]
[SourceVersionDate "2018.08.24"]
[SourceQuality "1"]

1. d4 Nf6 2. Nf3 g6 3. Bg5 Bg7 4. Nbd2 0-0 5. c3 d6 6. e4 c5 7. Bd3 cxd4 8. cxd4 h6 9. Bf4 e5 10. Bg3 exd4 11. Nxd4 Nh5 12. N2b3 Re8 13. 0-0 Nxg3 14. hxg3 Nd7 15. Re1 a6 16. Qd2 Ne5 17. Be2 h5 18. Rad1 Qf6 19. Nc1 Bd7 20. b3 Rad8 21. Qf4 Qe7 22. Bf1 Ng4 23. a4 Rc8 24. Na2 Be5 25. Qd2 Bg7 26. Nc3 Bc6 27. f3 Ne5 28. Nde2 Red8 29. Nd5 Bxd5 30. Qxd5 Nc6 31. Nf4 Nb4 32. Qa5 Nc2 33. Re2 Nd4 34. Re3 Rc5 35. Nd5 Qd7 36. Qb6 Nc6 37. Red3 Ne5 38. R3d2 Rdc8 39. Qb4 a5 40. Qa3 Qd8 41. Bb5 Kh8 42. f4 Ng4 0-1

[Event "World University-ch (Women)"]
[Site "Aracaju"]
[Date "2018.09.15"]
[Round "6"]
[White "Stoeri, Laura"]
[Black "De Seroux, Camille"]
[Result "1/2-1/2"]
[WhiteElo "2118"]
[BlackElo "2175"]
[PlyCount "61"]
[EventDate "2018.09.13"]
[EventType "swiss"]
[EventRounds "9"]
[EventCountry "BRA"]
[SourceTitle "CBM 186 Extra"]
[Source "ChessBase"]
[SourceDate "2018.08.24"]
[SourceVersion "1"]
[SourceVersionDate "2018.08.24"]
[SourceQuality "1"]

1. e4 c5 2. Nf3 Nc6 3. d4 cxd4 4. Nxd4 Nf6 5. Nc3 d6 6. Bg5 Bd7 7. Qd2 h6 8. Bxf6 gxf6 9. 0-0-0 Nxd4 10. Qxd4 Qa5 11. f4 Rc8 12. Bc4 Qc5 13. Bb3 Qxd4 14. Rxd4 Rg8 15. g3 e6 16. Ba4 Bxa4 17. Rxa4 a6 18. Ra5 d5 19. exd5 Bb4 20. Ra4 Bxc3 21. bxc3 Rxc3 22. Re1 Ke7 23. Rae4 Rgc8 24. R1e2 R3c4 25. dxe6 Rxe4 26. Rxe4 fxe6 27. f5 Rc6 28. Rh4 exf5 29. Rxh6 b5 30. Rh7+ Ke6 31. Rh4 1/2-1/2

[Event "World University-ch (Women)"]
[Site "Aracaju"]
[Date "2018.09.13"]
[Round "2"]
[White "Cori Tello, Deysi Estella"]
[Black "Stoeri, Laura"]
[Result "1-0"]
[WhiteElo "2391"]
[BlackElo "2118"]
[PlyCount "55"]
[EventDate "2018.09.13"]
[EventType "swiss"]
[EventRounds "9"]
[EventCountry "BRA"]
[SourceTitle "CBM 186 Extra"]
[Source "ChessBase"]
[SourceDate "2018.08.24"]
[SourceVersion "1"]
[SourceVersionDate "2018.08.24"]
[SourceQuality "1"]

1. d4 Nf6 2. c4 e6 3. g3 Bb4+ 4. Nd2 0-0 5. Bg2 d5 6. Ngf3 c6 7. 0-0 Nbd7 8. Qc2 Re8 9. Rd1 h6 10. e4 Bxd2 11. Nxd2 Nxe4 12. Nxe4 dxe4 13. Qxe4 Qe7 14. Bf4 Nf6 15. Qe2 Bd7 16. h4 Qb4 17. a3 Qb6 18. Be5 Nh7 19. Be4 Qd8 20. Rac1 Qe7 21. Bb1 Nf8 22. Re1 c5 23. dxc5 Qxc5 24. Qg4 g6 25. Qf4 Nh7 26. Bf6 Nxf6 27. Qxf6 Re7 28. Qxe7 1-0

[Event "SUI-ch HT1 118th"]
[Site "Lenzerheide"]
[Date "2018.07.17"]
[Round "6"]
[White "Stoeri, Laura"]
[Black "Luginbuehl, Robert"]
[Result "1/2-1/2"]
[WhiteElo "2153"]
[BlackElo "2039"]
[PlyCount "119"]
[EventDate "2018.07.12"]
[EventType "swiss"]
[EventRounds "9"]
[EventCountry "SUI"]
[SourceTitle "EXT 2019"]
[Source "ChessBase"]
[SourceDate "2018.10.10"]
[SourceVersion "1"]
[SourceVersionDate "2018.10.10"]
[SourceQuality "1"]

1. e4 c5 2. Nf3 g6 3. c4 d6 4. d4 cxd4 5. Nxd4 Nf6 6. Nc3 Nc6 7. Be2 Nxd4 8. Qxd4 Bg7 9. Be3 0-0 10. Qd2 Be6 11. Rc1 Qa5 12. f3 Rfc8 13. b3 a6 14. Na4 Qxd2+ 15. Kxd2 Nd7 16. g4 f5 17. gxf5 gxf5 18. Rhg1 Kh8 19. Bg5 Rg8 20. Ke3 Bf6 21. Bxf6+ Nxf6 22. c5 Rxg1 23. Rxg1 fxe4 24. fxe4 Rc8 25. Kd4 Bd7 26. cxd6 exd6 27. Nb6 Re8 28. Nxd7 Nxd7 29. Rc1 Nf6 30. Bd3 Re7 31. Rc8+ Kg7 32. Rd8 Ne8 33. a4 Kf6 34. b4 Kg5 35. b5 axb5 36. axb5 h5 37. b6 h4 38. Rc8 Kf4 39. Rc1 Kf3 40. Rg1 Rg7 41. Rf1+ Kg2 42. Rf8 Re7 43. Ke3 d5 44. Rf2+ Kg1 45. Rc2 dxe4 46. Bxe4 Nd6 47. Rc1+ Kxh2 48. Rh1+ Kg3 49. Rg1+ Kh3 50. Kf3 Rf7+ 51. Ke3 Nxe4 52. Kxe4 Kh2 53. Rg6 h3 54. Ke3 Kh1 55. Ke2 h2 56. Ke1 Re7+ 57. Kf2 Rf7+ 58. Ke2 Re7+ 59. Kf2 Rf7+ 60. Ke2 1/2-1/2

[Event "EU-chT (Women) 21st"]
[Site "Heraklion"]
[Date "2017.10.30"]
[Round "3.3"]
[White "Stoeri, Laura"]
[Black "Koljevic, Nikolina"]
[Result "1-0"]
[WhiteElo "2150"]
[BlackElo "1837"]
[PlyCount "101"]
[EventDate "2017.10.28"]
[EventType "team-swiss"]
[EventRounds "9"]
[EventCountry "GRE"]
[SourceTitle "CBM 181 Extra"]
[Source "ChessBase"]
[SourceDate "2017.12.12"]
[SourceVersion "1"]
[SourceVersionDate "2017.12.12"]
[SourceQuality "1"]
[WhiteTeam "Switzerland (W)"]
[BlackTeam "Montenegro (W)"]
[WhiteTeamCountry "SUI"]
[BlackTeamCountry "MNE"]

1. e4 c5 2. Nf3 e6 3. d4 cxd4 4. Nxd4 Nf6 5. Bd3 Nc6 6. Nxc6 bxc6 7. 0-0 d5 8. Nd2 Be7 9. Qe2 0-0 10. b3 Nd7 11. Bb2 Nc5 12. Rfd1 Nxd3 13. Qxd3 a5 14. Qc3 Bf6 15. e5 Be7 16. Ne4 f5 17. Nc5 Qe8 18. f4 Kh8 19. Bc1 Qh5 20. Be3 g5 21. Rf1 gxf4 22. Bxf4 Rg8 23. Rf2 Rb8 24. a3 Rg4 25. b4 Rb5 26. Nd3 Qe8 27. Rd1 Bd8 28. Be3 axb4 29. axb4 Rc4 30. Qd2 Qh5 31. c3 Re4 32. Rf3 Rg4 33. Nf4 Qf7 34. Nh3 Bb6 35. Nf2 Bxe3 36. Qxe3 Rg6 37. Ra1 Qg7 38. g3 Qe7 39. Nd3 Rb8 40. Rf2 Bd7 41. Ra7 Rgg8 42. Rfa2 Qe8 43. Nc5 Rg7 44. Qh6 Rg6 45. Qh4 Rg7 46. Qf6 Kg8 47. Qh4 Rg4 48. Nxd7 Rxh4 49. Nf6+ Kf8 50. Nxe8 Rc4 51. Nc7 1-0

[Event "EU-chT (Women) 21st"]
[Site "Heraklion"]
[Date "2017.10.29"]
[Round "2.4"]
[White "Stoeri, Laura"]
[Black "Injac, Teodora"]
[Result "1/2-1/2"]
[WhiteElo "2150"]
[BlackElo "2244"]
[PlyCount "90"]
[EventDate "2017.10.28"]
[EventType "team-swiss"]
[EventRounds "9"]
[EventCountry "GRE"]
[SourceTitle "CBM 181 Extra"]
[Source "ChessBase"]
[SourceDate "2017.12.12"]
[SourceVersion "1"]
[SourceVersionDate "2017.12.12"]
[SourceQuality "1"]
[WhiteTeam "Switzerland (W)"]
[BlackTeam "Serbia (W)"]
[WhiteTeamCountry "SUI"]
[BlackTeamCountry "SRB"]

1. e4 e6 2. d4 d5 3. Nd2 Be7 4. Bd3 c5 5. exd5 Qxd5 6. Ngf3 cxd4 7. 0-0 Nc6 8. Be4 Qd7 9. Nb3 Nf6 10. Bxc6 bxc6 11. Nbxd4 c5 12. Nb3 Qc7 13. Qe2 0-0 14. Bg5 Qb6 15. c4 a5 16. Ne5 a4 17. Nc1 Rd8 18. Ncd3 Bb7 19. Rfd1 h6 20. Be3 Rac8 21. f3 Ba6 22. Qc2 Nd7 23. Nxd7 Rxd7 24. Qxa4 Rcd8 25. Qc2 Bf6 26. Rab1 Bd4 27. Bxd4 Rxd4 28. b3 Qa5 29. a4 Bb7 30. Rbc1 f6 31. Nf2 Rd2 32. Rxd2 Rxd2 33. Qc3 Qd8 34. Re1 e5 35. Re3 Rd4 36. Rd3 f5 37. Rxd4 cxd4 38. Qd3 Qg5 39. h4 Qc1+ 40. Qd1 Qc3 41. Qd3 Qe1+ 42. Qf1 Qe3 43. Qd3 Qe1+ 44. Qf1 Qe3 45. Qd3 Qe1+ 1/2-1/2

[Event "SUI-ch 117th"]
[Site "Graechen"]
[Date "2017.07.21"]
[Round "9"]
[White "Borsos, Bogdan"]
[Black "Stoeri, Laura"]
[Result "1-0"]
[WhiteElo "2337"]
[BlackElo "2106"]
[PlyCount "79"]
[EventDate "2017.07.13"]
[EventType "swiss"]
[EventRounds "9"]
[EventCountry "SUI"]
[SourceTitle "EXT 2019"]
[Source "ChessBase"]
[SourceDate "2018.10.10"]
[SourceVersion "1"]
[SourceVersionDate "2018.10.10"]
[SourceQuality "1"]

1. d4 Nf6 2. c4 e6 3. g3 Bb4+ 4. Bd2 Qe7 5. Bg2 Nc6 6. Nf3 Bxd2+ 7. Nbxd2 0-0 8. 0-0 d6 9. e4 e5 10. d5 Nb8 11. b4 a5 12. a3 Na6 13. Ne1 Bg4 14. f3 Bd7 15. Nd3 c6 16. Re1 Qd8 17. dxc6 bxc6 18. Qe2 Be6 19. Rab1 axb4 20. axb4 Nd7 21. Rec1 Rb8 22. Qe3 f6 23. Bf1 Rb6 24. b5 Nac5 25. Nb4 Nb8 26. Rd1 Qc7 27. Ra1 Qb7 28. Ra3 cxb5 29. cxb5 Rxb5 30. Bxb5 Qxb5 31. Rb1 Qd7 32. Nd3 Rc8 33. Nxc5 dxc5 34. Ra8 Qc7 35. f4 c4 36. Qb6 Qxb6+ 37. Rxb6 c3 38. Raxb8 Rxb8 39. Rxb8+ Kf7 40. Nb3 1-0